[Event "Leipzig VfB op 23rd"]
[Site "Leipzig"]
[Date "2016.03.16"]
[Round "2"]
[White "Thesing, Ansgar"]
[Black "Beesdo, Dirk"]
[Result "1-0"]
[WhiteElo "1947"]
[BlackElo "1842"]
[PlyCount "63"]
[EventDate "2016.03.15"]
[EventType "swiss"]
[EventRounds "9"]
[EventCountry "GER"]
[SourceTitle "EXT 2017"]
[Source "ChessBase"]
[SourceDate "2016.10.25"]
[SourceVersion "1"]
[SourceVersionDate "2016.10.25"]
[SourceQuality "1"]

1. e4 c5 2. Nc3 Nc6 3. g3 g6 4. d3 Bg7 5. Be3 d6 6. Qd2 Bd7 7. Bg2 Qb6 8. Rb1 e6 9. Nge2 Qa5 10. 0-0 e5 11. b4 Nxb4 12. Nd5 Rc8 13. a3 Qxa3 14. c3 Nxd5 15. Ra1 Qxa1 16. Rxa1 Nxe3 17. fxe3 a6 18. Qb2 Bc6 19. Bh3 Rd8 20. c4 Ne7 21. Nc3 0-0 22. Nd5 Bxd5 23. cxd5 Rb8 24. Qb6 Rfd8 25. Rb1 Bf8 26. Rf1 Bg7 27. Qc7 Bf8 28. Rf6 b5 29. Rxd6 Rxd6 30. Qxd6 Ra8 31. Qxc5 f5 32. d6 1-0